01807nam a2200445 i 450000100060000000300080000600500170001400600190003100700150005000800410006502000180010602000270012403500230015103500240017403500250019803500220022304000310024505000250027608000180030108200190031924501670033826400390050530000680054433600310061233700330064333800480067649000560072458801500078065000420093065000350097265000350100765000450104265000180108765100190110565500320112470000410115670000450119783000570124285600620129955558FlNmELB20241216232754.0m o d | cr cnu||||||||170313s2016 sp a o 000 0 spa d z9788491164531 a9788491164548 (e book) a(MiAaPQ)EBC4776234 a(Au-PeEL)EBL4776234 a(CaPaEBR)ebr11322881 a(OCoLC)1105903776 aFINmELBbspaerdacFINmELB 4aP95.82.S7bN234 2016 a659.3:32(460)0 a302.23094622300aNarracions media tiques del catalanisme :bde l'Estatut del 1979 al proc{acute}es sobiranista /cJoaquim Capdevila i Capdevila, Mariona Lladonosa Latorre (eds.). 1aBarcelona :bEditorial UOC,c2016. a1 recurso en l{acute}inea (238 p{acute}aginas) :bilustraciones atextobtxt2rdacontent/spa acomputadorabc2rdamedia/spa arecurso en l{acute}ineabcr2rdacarrier/spa1 aColecci{acute}on Manuals ;v247. Comunicaci{acute}o aDescripci{acute}on basada en recurso en l{acute}inea; T{acute}itulo de la p{acute}agina del t{acute}itulo en PDF (e-libro, visto March 13, 2017). 0aMass mediaxPolitical aspectszSpain. 0aNationalismzSpainzCatalonia. 0aCommunicationxSocial aspects. 4aMedios de coumunicaci{acute}on de masas. 4aNacionalismo. 4aEspa{tilde}na. 4aLibros electr{acute}onicos.1 aLladonosa Latorre, Mariona,eeditor.1 aCapdevila i Capdevila, Joaquim,eeditor. 0aColecci{acute}on Manuals ;v247. Comunicaci{acute}o.40uhttps://elibro.net/ereader/politecnicointernacional/58573